BSOP header

That greater freedom / (Record no. 42686)

MARC details
000 -LEADER
fixed length control field 00759cam a2200265 a 4500
001 - CONTROL NUMBER
control field 2450302
005 - DATE AND TIME OF LATEST TRANSACTION
control field 20180820085339.0
008 - FIXED-LENGTH DATA ELEMENTS--GENERAL INFORMATION
fixed length control field 880531s1986 si bf 000 0 eng
010 ## - LIBRARY OF CONGRESS CONTROL NUMBER
LC control number 88940051
020 ## - INTERNATIONAL STANDARD BOOK NUMBER
International Standard Book Number 9971972344
040 ## - CATALOGING SOURCE
Original cataloging agency DLC
Transcribing agency DLC
Modifying agency DLC
-- OCoLC
043 ## - GEOGRAPHIC AREA CODE
Geographic area code a-io---
100 1# - MAIN ENTRY--PERSONAL NAME
Personal name Kirk, Margaret.
245 10 - TITLE STATEMENT
Title That greater freedom /
Statement of responsibility, etc Margaret Kirk.
260 ## - PUBLICATION, DISTRIBUTION, ETC. (IMPRINT)
Place of publication, distribution, etc Singapore, Republic of Singapore :
Name of publisher, distributor, etc Overseas Missionary Fellowship,
Date of publication, distribution, etc 1986.
300 ## - PHYSICAL DESCRIPTION
Extent 203 p., [2] p. of plates :
Other physical details maps ;
Dimensions 18 cm.
336 ## - CONTENT TYPE
Content Type Term text
337 ## - MEDIA TYPE
Media Type Term unmediated
338 ## - CARRIER TYPE
Carrier Type Term volume
440 #3 - SERIES STATEMENT/ADDED ENTRY--TITLE
Title An OMF book
600 10 - SUBJECT ADDED ENTRY--PERSONAL NAME
Personal name Kirk, Margaret.
650 #0 - SUBJECT ADDED ENTRY--TOPICAL TERM
Topical term or geographic name as entry element Mori (Indonesian people)
General subdivision Missions.
650 #0 - SUBJECT ADDED ENTRY--TOPICAL TERM
Topical term or geographic name as entry element Mori (Indonesian people)
942 ## - ADDED ENTRY ELEMENTS (KOHA)
Source of classification or shelving scheme Library of Congress Classification
Item type Books
Holdings
Withdrawn status Lost status Source of classification or shelving scheme Damaged status Not for loan Home library Current library Shelving location Date acquired Source of acquisition Inventory number Total Checkouts Full call number Barcode Date last seen Price effective from Koha item type
    Library of Congress Classification     BSOP Library BSOP Library GC 08/20/2018 Donation by Drs. George and Anne Harper 41845   BV 3373.M67 K63 1986 00052845 08/20/2018 08/20/2018 Books
BSOP

Biblical Seminary of the Philippines
  All rights Reserved
  © 2024

CONTACT INFORMATION

Biblical Seminary of the Philippines,
  77-B Karuhatan Road, Valenzuela City,
  PHILIPPINES 1441
  Phone: +632 8292-6795 / 8292-6798
  Fax : +632 8292-6675
  Email: library@bsop.edu.ph